000 00660nam a22002417a 4500
005 20170124110240.0
010 _a184445
020 _c00.00
035 _a184445
037 _bCen Lib/Ret
040 _aDPL
_bEN
082 _a741.9
_bBRU
100 _aBruegel, Peter
_994459
245 _aThe drawings /
_cby Pieter Bruegel ; translated by Luke Herrmann
246 _b
260 _aLondon
_bPhaidon Press
_c1961
270 _bLondon
300 _a247p. :
_c30cm(Hb)
_bill.
650 _aGerman manuscripts
_994460
650 _aLandscape arts
_994461
700 _aHerrmann, Luke
_994462
942 _2ddc
_cEN
_h741.9
_mBRU
999 _c135113
_d135113